Herausforderung und Chance: Aussiedlerintegration

Guardado en:  
Detalles Bibliográficos
Autor principal: Restle, Diether (Autor)
Tipo de documento: Print Artículo
Lenguaje:Alemán
Publicado: 1989
En: Bundesarbeitsblatt
Año: 1989, Número: 5, Páginas: 25-28
Verificar disponibilidad: HBZ Gateway
Palabras clave:

MARC

LEADER 00000caa a22000002c 4500
001 1632182726
003 DE-627
005 20220615070250.0
007 tu
008 120510s1989 xx ||||| 00| ||ger c
035 |a (DE-627)1632182726 
035 |a (DE-576)364981199 
035 |a (DE-599)BSZ364981199 
035 |a (OCoLC)1330182765 
040 |a DE-627  |b ger  |c DE-627  |e rakwb 
041 |a ger 
100 1 |a Restle, Diether  |4 aut 
245 1 0 |a Herausforderung und Chance  |b Aussiedlerintegration  |c Dieter Restle 
264 1 |c 1989 
336 |a Text  |b txt  |2 rdacontent 
337 |a ohne Hilfsmittel zu benutzen  |b n  |2 rdamedia 
338 |a Band  |b nc  |2 rdacarrier 
773 0 8 |i In  |t Bundesarbeitsblatt  |d Stuttgart : Kohlhammer, 1950  |g (1989), 5, Seite 25-28  |w (DE-627)129496030  |w (DE-600)207313-4  |w (DE-576)014894416  |x 0007-5868  |7 nnas 
773 1 8 |g year:1989  |g number:5  |g pages:25-28 
951 |a AR 
ELC |b 1 
LOK |0 000 xxxxxcx a22 zn 4500 
LOK |0 001 3283949735 
LOK |0 003 DE-627 
LOK |0 004 1632182726 
LOK |0 005 20260227094125 
LOK |0 008 120510||||||||||||||||ger||||||| 
LOK |0 040   |a DE-21-110  |c DE-627  |d DE-21-110 
LOK |0 689   |a s  |a Aussiedler 
LOK |0 852   |z Kein Bestand am IfK; Nachweis für KrimDok 
LOK |0 852   |a DE-21-110 
LOK |0 852 1  |m v  |9 00 
LOK |0 935   |a k110 
LOK |0 938   |k v 
LOK |0 939   |a 10-05-12  |b l01 
ORI |a WA-MARC-krimdoka001.raw